[Event "Graz Casino Open 2014"]
[Site "Graz AUT"]
[Date "2014.02.17"]
[Round "5.23"]
[White "Stagl, Marco"]
[Black "Horvath, Reka"]
[Result "1-0"]
[WhiteElo "2155"]
[BlackElo "2034"]
[WhiteFideId "1604724"]
[BlackFideId "724971"]
[EventDate "2014.02.14"]

1. d4 Nf6 2. c4 c5 3. Nf3 g6 4. Nc3 cxd4 5. Nxd4 Bg7 6. g3 Nc6 7. Bg2 Qb6 8. Nc2
Ng4 9. O-O Nge5 10. Nd5 Qd8 11. b3 O-O 12. Rb1 d6 13. Bb2 Qa5 14. Bc3 Qd8 15.
Qd2 Bf5 16. e4 Bg4 17. f3 Bd7 18. h3 f5 19. f4 e6 20. Nde3 Nf7 21. Bxg7 Kxg7 22.
exf5 exf5 23. Nd5 h5 24. Nce3 Rh8 25. Qc3+ Kf8 26. h4 Be6 27. Rbd1 Bxd5 28. Nxd5
Ne7 29. Rfe1 Nxd5 30. Bxd5 Rh7 31. Re6 Rg7 32. Rde1 Rc8 33. Re7 Kg8 34. Qf6 Qf8
35. Rxb7 Rc5 36. Rxf7 Rxf7 37. Qxg6+ 1-0

[Event "Graz Casino Open 2014"]
[Site "Graz AUT"]
[Date "2014.02.17"]
[Round "5.24"]
[White "Hatzl, Johannes"]
[Black "Luu, Duc Hai"]
[Result "1-0"]
[WhiteElo "2141"]
[BlackElo "1927"]
[WhiteFideId "1610600"]
[BlackFideId "12412228"]
[EventDate "2014.02.14"]

1. e4 e6 2. d4 d5 3. Nc3 Nf6 4. Bg5 Be7 5. e5 Nfd7 6. h4 Bxg5 7. hxg5 Qxg5 8.
Qd3 h6 9. Nh3 Qe7 10. Qg3 Kf8 11. O-O-O a6 12. Nf4 c5 13. Ncxd5 exd5 14. Nxd5
Qe6 15. Nc7 Qxa2 16. e6 fxe6 17. Qd6+ Kf7 18. Be2 Nf6 19. Nxa8 Qa1+ 20. Kd2 Ne4+
21. Ke3 Nxd6 22. Rxa1 Nf5+ 23. Kd2 Rd8 24. Nb6 Nxd4 25. Nxc8 Rxc8 26. Rad1 Rd8
27. c3 Nxe2+ 28. Kxe2 Rxd1 29. Rxd1 Ke7 30. Kd3 Nd7 31. Kc4 b6 32. Ra1 Ne5+ 33.
Kb3 c4+ 34. Kb4 Nd3+ 35. Kxc4 Nxb2+ 36. Kd4 e5+ 37. Kxe5 Nd3+ 38. Kd5 b5 39.
Rxa6 b4 40. Kc4 Nxf2 41. cxb4 Ng4 42. Kd4 g5 43. b5 Kd7 44. Rg6 Kc7 45. Kc5 Ne5
46. Rxh6 Nd3+ 47. Kd4 Nf4 48. g3 Ne2+ 49. Kc5 Nxg3 50. Rh7+ Kb8 51. Kb6 Kc8 52.
Kc6 1-0

[Event "Graz Casino Open 2014"]
[Site "Graz AUT"]
[Date "2014.02.17"]
[Round "5.25"]
[White "Hapala, Lisa"]
[Black "Guo, Emma"]
[Result "0-1"]
[BlackTitle "WIM"]
[WhiteElo "2054"]
[BlackElo "1997"]
[WhiteFideId "1622080"]
[BlackFideId "3200795"]
[EventDate "2014.02.14"]

1. e4 e5 2. Nf3 Nc6 3. Bb5 a6 4. Ba4 Nf6 5. O-O Be7 6. Re1 b5 7. Bb3 O-O 8. h3
Bb7 9. d3 d5 10. exd5 Nxd5 11. Nxe5 Nxe5 12. Rxe5 Qd6 13. Re1 Rae8 14. Nd2 c5
15. Nf3 Bd8 16. Bd2 Bc7 17. Re4 Qd7 18. a4 Nb6 19. Rxe8 Rxe8 20. axb5 axb5 21.
Ra7 Bxf3 22. Qxf3 c4 23. Rxc7 Qxc7 24. dxc4 bxc4 25. Ba2 Ra8 26. Bf4 Qd8 27. Qg3
Rxa2 28. Bh6 Qf8 29. Bxg7 Qxg7 30. Qb8+ Qf8 31. Qxb6 Ra1+ 32. Kh2 Rd1 0-1

[Event "Graz Casino Open 2014"]
[Site "Graz AUT"]
[Date "2014.02.17"]
[Round "5.26"]
[White "Kersten, Julian"]
[Black "Legenstein, Robert"]
[Result "1/2-1/2"]
[WhiteElo "1982"]
[BlackElo "2050"]
[WhiteFideId "1628542"]
[BlackFideId "1619667"]
[EventDate "2014.02.14"]

1. e4 e5 2. Nf3 Nc6 3. Nc3 Nf6 4. d4 exd4 5. Nxd4 Bb4 6. Nxc6 bxc6 7. Bd3 d5 8.
exd5 cxd5 9. O-O O-O 10. Bg5 c6 11. Na4 Qd6 12. h3 Ba5 13. c4 Bc7 14. f4 dxc4
15. Bxc4 Ne4 16. Qxd6 Nxd6 17. Bd3 Bf5 18. Bxf5 Nxf5 19. g4 Nd4 20. f5 Rfe8 21.
Rad1 Nb5 22. Rfe1 1/2-1/2

[Event "Graz Casino Open 2014"]
[Site "Graz AUT"]
[Date "2014.02.17"]
[Round "5.27"]
[White "Pretterhofer, Kiaras"]
[Black "Deutschmann, Robert Peter"]
[Result "1/2-1/2"]
[WhiteElo "2005"]
[BlackElo "2014"]
[WhiteFideId "1618768"]
[BlackFideId "1609785"]
[EventDate "2014.02.14"]

1. Nf3 Nf6 2. c4 c6 3. g3 d5 4. Bg2 g6 5. O-O Bg7 6. d3 O-O 7. Nc3 dxc4 8. dxc4
Qxd1 9. Nxd1 Na6 10. Bf4 Ne4 11. Nd2 Nd6 12. Bxd6 exd6 13. Rc1 Re8 14. Ne4 Re6
15. Ndc3 f5 16. Ng5 Re7 17. e3 h6 18. Nf3 Be6 19. Rfd1 Rd8 20. b3 Nc5 21. Nd4
Bf7 22. h4 Ne6 23. Nce2 Nxd4 24. Nxd4 Be6 25. Nxe6 Rxe6 1/2-1/2

[Event "Graz Casino Open 2014"]
[Site "Graz AUT"]
[Date "2014.02.17"]
[Round "5.28"]
[White "Kopinits, Anna-Christina"]
[Black "Wiener, Alexander"]
[Result "1-0"]
[WhiteTitle "WIM"]
[WhiteElo "2260"]
[BlackElo "1808"]
[WhiteFideId "1614142"]
[BlackFideId "1636081"]
[EventDate "2014.02.14"]

1. d4 d5 2. Bg5 Nd7 3. e3 Ngf6 4. Nd2 c6 5. f4 e6 6. Bd3 h6 7. Bxf6 Qxf6 8. Ngf3
g5 9. g3 gxf4 10. exf4 c5 11. c3 cxd4 12. cxd4 h5 13. Qa4 h4 14. O-O-O Bg7 15.
Ne5 O-O 16. Ndf3 hxg3 17. hxg3 Rd8 18. Qb4 Bf8 19. Bh7+ Kg7 20. Qd2 Bd6 21. Ng4
Qe7 22. f5 Kf8 23. f6 Nxf6 24. Qh6+ Ke8 25. Nxf6+ Qxf6 26. Qxf6 Bd7 27. Bg6 1-0

[Event "Graz Casino Open 2014"]
[Site "Graz AUT"]
[Date "2014.02.17"]
[Round "5.29"]
[White "Jakits, Leopold"]
[Black "Szonyi, Bence"]
[Result "1-0"]
[WhiteElo "2061"]
[BlackElo "1699"]
[WhiteFideId "1616862"]
[BlackFideId "769304"]
[EventDate "2014.02.14"]

1. c4 c5 2. g3 g6 3. Bg2 Bg7 4. Nc3 Nf6 5. Nf3 O-O 6. O-O Nc6 7. a3 d5 8. cxd5
Nxd5 9. Nxd5 Qxd5 10. d3 Nd4 11. Nxd4 Qxd4 12. Rb1 Rb8 13. Be3 Qd6 14. Qa4 a6
15. Rfc1 Bd7 16. Qa5 Bd4 17. Bf4 Be5 18. Be3 Bd4 19. Bxd4 cxd4 20. Qc7 Rfc8 21.
Qxd6 exd6 22. Rxc8+ Bxc8 23. Kf1 Be6 24. Ke1 b5 25. b4 Kf8 26. Rc1 Rc8 27. Kd2
Rxc1 28. Kxc1 Bc8 29. Kd2 Ke7 30. e3 dxe3+ 31. Kxe3 Ke6 32. Bh3+ f5 33. Bg2 d5
34. Kd4 Bb7 35. Kc5 Ke5 36. f4+ Ke6 37. Kb6 Bc8 38. Kc6 Bd7+ 39. Kc5 d4 40. Bd5+
Ke7 41. Bb7 1-0

[Event "Graz Casino Open 2014"]
[Site "Graz AUT"]
[Date "2014.02.17"]
[Round "5.30"]
[White "Lammer, Michael"]
[Black "Hocevar, Nikola"]
[Result "0-1"]
[WhiteElo "1575"]
[BlackElo "2016"]
[WhiteFideId "1625101"]
[BlackFideId "14601524"]
[EventDate "2014.02.14"]

1. e4 c5 2. Nf3 Nc6 3. d4 cxd4 4. Nxd4 g6 5. Nxc6 bxc6 6. Bc4 Nf6 7. Nc3 Bg7 8.
O-O Qa5 9. Re1 O-O 10. Bd2 Qc5 11. Qe2 d5 12. exd5 cxd5 13. Bb3 e6 14. Rad1 Bb7
15. a3 Qc6 16. f3 Nd7 17. Ba4 Qc8 18. Qb5 Nb6 19. Bb3 Ba6 20. Qb4 Nc4 21. Bxc4
Bxc4 22. Bf4 Rd8 23. Na4 Qc6 24. b3 Bb5 25. c4 Bxa4 26. cxd5 exd5 27. bxa4 Bc3
28. Qb5 Qxb5 29. axb5 Bxe1 30. Rxe1 d4 31. a4 d3 32. Bd2 Re8 33. Rd1 Rac8 34. a5
Rc2 35. b6 axb6 36. axb6 Rb2 37. Bc3 Rxb6 38. Rxd3 Rb3 39. Kf2 Rc8 40. h4 Rbxc3
41. Rd7 Kg7 42. Re7 R8c7 43. Re8 h5 44. Re4 R7c4 45. Re7 Rxh4 46. Kg3 Rb4 47.
Rd7 h4+ 48. Kh2 Rc2 49. Rd3 Rbb2 50. Ra3 Rxg2+ 51. Kh1 h3 52. Ra1 Rh2+ 53. Kg1
Rbg2+ 54. Kf1 Kh7 55. Ra7 Kh6 56. Rxf7 Rh1# 0-1

[Event "Graz Casino Open 2014"]
[Site "Graz AUT"]
[Date "2014.02.17"]
[Round "5.31"]
[White "Aravindh, Chithambaram VR."]
[Black "Barbosa, Evandro Amorim"]
[Result "1-0"]
[WhiteTitle "FM"]
[BlackTitle "IM"]
[WhiteElo "2381"]
[BlackElo "2459"]
[WhiteFideId "5072786"]
[BlackFideId "2115824"]
[EventDate "2014.02.14"]

1. e4 c5 2. Nf3 e6 3. d4 cxd4 4. Nxd4 Nc6 5. Nc3 Qc7 6. f4 a6 7. Nxc6 Qxc6 8.
Bd3 b5 9. Qe2 Bb7 10. Bd2 Bc5 11. O-O-O b4 12. Nd5 Ne7 13. Nxb4 Qb6 14. c3 Rb8
15. Bc2 a5 16. Nd3 Ba6 17. b3 O-O 18. Qf3 Ba3+ 19. Kb1 Rfc8 20. Nb2 d5 21. exd5
Nxd5 22. f5 Bb7 23. Qg3 Bd6 24. Qh4 Be7 25. Qh3 e5 26. Rhe1 Bf6 27. Be4 Nf4 28.
Qf3 Qa6 29. Bxb7 Qxb7 30. Qxb7 Rxb7 31. g3 Nd5 32. c4 Ne7 33. Bxa5 Nxf5 34. Bc3
Re8 35. Bxe5 Rbe7 36. Nd3 Bg5 37. Bf4 Bxf4 38. Rxe7 Rxe7 39. Nxf4 g5 40. Nh5 h6
41. c5 Re6 42. b4 1-0

[Event "Graz Casino Open 2014"]
[Site "Graz AUT"]
[Date "2014.02.17"]
[Round "5.36"]
[White "Diermair, Andreas"]
[Black "Szotkowski, Jakub"]
[Result "1-0"]
[WhiteTitle "IM"]
[WhiteElo "2459"]
[BlackElo "2185"]
[WhiteFideId "1612468"]
[BlackFideId "330590"]
[EventDate "2014.02.14"]

1. Nf3 Nf6 2. c4 c5 3. Nc3 e6 4. g3 b6 5. Bg2 Bb7 6. O-O Be7 7. d4 cxd4 8. Qxd4
O-O 9. Rd1 Nc6 10. Qf4 a6 11. b3 Rc8 12. e4 b5 13. e5 b4 14. Na4 Nh5 15. Qd2 Qa5
16. Bb2 g5 17. Nxg5 h6 18. Nf3 Nxe5 19. Nxe5 Bxg2 20. Ng4 Bg5 21. Nxh6+ Bxh6 22.
Qxh6 Bf3 23. Rd5 1-0

[Event "Graz Casino Open 2014"]
[Site "Graz AUT"]
[Date "2014.02.18"]
[Round "6.3"]
[White "Ragger, Markus"]
[Black "Diermair, Andreas"]
[Result "1-0"]
[WhiteTitle "GM"]
[BlackTitle "IM"]
[WhiteElo "2646"]
[BlackElo "2459"]
[WhiteFideId "1610856"]
[BlackFideId "1612468"]
[EventDate "2014.02.14"]

1. d4 d5 2. c4 c6 3. Nf3 Nf6 4. Nc3 e6 5. g3 dxc4 6. Bg2 Nbd7 7. O-O Be7 8. e4
O-O 9. a4 e5 10. dxe5 Ng4 11. Bf4 Qa5 12. e6 fxe6 13. Qe2 Nde5 14. Nxe5 Nxe5 15.
Bxe5 Qxe5 16. Kh1 Bd7 17. f4 Qc5 18. e5 Be8 19. Ne4 Qb4 20. Rfc1 Rd8 21. Rxc4
Qb3 22. Rc3 Qb4 23. a5 Rd4 24. Qc2 c5 25. Rb3 Ba4 26. Rxb4 Bxc2 27. Rxb7 Bd8 28.
Nxc5 Bf5 29. Rxa7 g5 30. Rd7 Rb4 31. Nb7 1-0

[Event "Graz Casino Open 2014"]
[Site "Graz AUT"]
[Date "2014.02.18"]
[Round "6.4"]
[White "Can, Emre"]
[Black "Felgaer, Ruben"]
[Result "1-0"]
[WhiteTitle "GM"]
[BlackTitle "GM"]
[WhiteElo "2520"]
[BlackElo "2569"]
[WhiteFideId "6302181"]
[BlackFideId "107069"]
[EventDate "2014.02.14"]

1. d4 Nf6 2. c4 c5 3. d5 b5 4. cxb5 a6 5. bxa6 Bxa6 6. Nc3 g6 7. e4 Bxf1 8. Kxf1
d6 9. g3 Bg7 10. Kg2 O-O 11. Nf3 Nbd7 12. Qe2 Qa5 13. Bd2 Rfb8 14. b3 Ne8 15.
Na4 Qa6 16. Qxa6 Rxa6 17. Rac1 Nc7 18. Bc3 Bh6 19. Rc2 Nb5 20. Bb2 Nb6 21. Nxb6
Rbxb6 22. b4 cxb4 23. Rc8+ Bf8 24. Rhc1 f6 25. R1c4 Kf7 26. Bd4 Rb7 27. Rxb4
Rxa2 28. Be3 Bg7 29. Rc1 Ra5 30. Rcb1 f5 31. Ng5+ Kg8 32. Ne6 fxe4 33. Nd8 1-0

[Event "Graz Casino Open 2014"]
[Site "Graz AUT"]
[Date "2014.02.18"]
[Round "6.5"]
[White "Baldauf, Marco"]
[Black "Kozul, Zdenko"]
[Result "1/2-1/2"]
[WhiteTitle "FM"]
[BlackTitle "GM"]
[WhiteElo "2396"]
[BlackElo "2588"]
[WhiteFideId "4688210"]
[BlackFideId "14502879"]
[EventDate "2014.02.14"]

1. d4 Nf6 2. c4 g6 3. Nc3 Bg7 4. e4 d6 5. f3 O-O 6. Nge2 a6 7. Be3 Nc6 8. Qd2
Na5 9. Ng3 b5 10. Bh6 Nxc4 11. Bxc4 bxc4 12. h4 c6 13. h5 Qa5 14. O-O-O Ra7 15.
Bxg7 Kxg7 16. hxg6 fxg6 17. e5 dxe5 18. Qg5 Rb7 19. dxe5 Kg8 20. Nge4 Qb4 21.
Rd2 Nxe4 22. fxe4 e6 23. Rhd1 Bd7 24. Qg3 Rfb8 25. Rc2 Qc5 26. Rd6 Rf8 27. Rcd2
Rf7 28. Nd1 Kg7 29. Qc3 Qg1 30. Qxc4 a5 31. a3 Rb5 32. Kb1 Rb7 33. Ka2 h5 34.
Nc3 Kh6 35. Qd4 Qxd4 36. R6xd4 c5 37. Rd6 Ra7 38. Kb3 Kg5 39. Kc4 Kf4 40. Rf2+
Kxe5 41. Rxf7 Kxd6 42. Rg7 a4 43. Rxg6 Rb7 44. Rg5 e5 45. Rxh5 Rxb2 46. Rh6+
Be6+ 47. Kd3 c4+ 48. Ke3 Rxg2 49. Nxa4 Rg3+ 50. Kd2 Rxa3 51. Nc3 Ra6 52. Rh5 Rb6
53. Kc2 Rb7 54. Rg5 Bd7 55. Rh5 Rb3 56. Rg5 Bc6 57. Rg6+ Kc5 58. Re6 Bb7 59. Re7
Kd4 60. Rd7+ Kc5 61. Re7 Kd6 62. Rh7 Bc8 63. Rh8 Be6 64. Rh5 Rb8 65. Rh6 Rg8 66.
Rf6 Rg2+ 67. Kc1 Ke7 68. Rh6 Rf2 69. Rh5 Kd6 70. Nb5+ Kc5 71. Rxe5+ Kb4 72. Rxe6
Kxb5 73. Rh6 Kb4 74. Rh3 Re2 75. e5 Rxe5 76. Kc2 Re2+ 77. Kc1 Rg2 1/2-1/2

[Event "Graz Casino Open 2014"]
[Site "Graz AUT"]
[Date "2014.02.18"]
[Round "6.6"]
[White "Ankit, R. Rajpara"]
[Black "Ohme, Melanie"]
[Result "1-0"]
[WhiteTitle "IM"]
[BlackTitle "WGM"]
[WhiteElo "2455"]
[BlackElo "2330"]
[WhiteFideId "5023335"]
[BlackFideId "4690745"]
[EventDate "2014.02.14"]

1. e4 e5 2. Nf3 Nc6 3. Bc4 Bc5 4. d3 Nf6 5. Nbd2 a6 6. O-O d6 7. c3 O-O 8. Bb3
Ba7 9. Re1 Ng4 10. Re2 Kh8 11. h3 Nh6 12. Nf1 f5 13. Bg5 Qe8 14. Bxh6 gxh6 15.
Ng3 f4 16. Nf5 Bxf5 17. exf5 Qh5 18. d4 Qxf5 19. Bc2 Qf6 20. dxe5 Nxe5 21. Nxe5
dxe5 22. Be4 c6 23. Rd2 Rf7 24. Qf3 Rg8 25. Rad1 Rg3 26. Qe2 Qh4 27. Bf3 Qe7 28.
Rd7 Qxd7 29. Qxe5+ 1-0

[Event "Graz Casino Open 2014"]
[Site "Graz AUT"]
[Date "2014.02.18"]
[Round "6.7"]
[White "Bjerke, Silje"]
[Black "Schreiner, Peter"]
[Result "1/2-1/2"]
[WhiteTitle "WIM"]
[BlackTitle "IM"]
[WhiteElo "2181"]
[BlackElo "2487"]
[WhiteFideId "1502786"]
[BlackFideId "1621645"]
[EventDate "2014.02.14"]

1. e4 e5 2. Nf3 Nc6 3. Bb5 Nf6 4. O-O Nxe4 5. Re1 Nd6 6. Nxe5 Be7 7. Bf1 Nxe5 8.
Rxe5 O-O 9. d4 Bf6 10. Re1 Nf5 11. c3 d6 12. Bf4 Nh4 13. Bd3 Ng6 14. Bg3 Be7 15.
d5 f5 16. f4 c5 17. Nd2 a6 18. a4 b6 19. Qe2 Bf6 20. Nf1 Ne7 21. Ne3 g6 22. Kh1
Kg7 23. Rad1 Kh8 24. Rf1 Bb7 25. c4 Bc8 26. Be1 Bd7 27. b3 Ng8 28. Qc2 Re8 29.
Rf3 Bd4 30. Bc3 Bxc3 31. Qxc3+ Qf6 32. Qc1 Re7 33. Re1 Kg7 34. Bf1 Rae8 35. Nc2
Rxe1 36. Nxe1 Kf8 37. Re3 Rxe3 38. Qxe3 Qa1 39. Kg1 Nf6 40. Nf3 b5 41. axb5 axb5
42. h3 b4 43. Nd2 Qc1 44. Kf2 Be8 45. Be2 Bf7 46. Bf3 Be8 47. Ke2 Bd7 48. Kf2
Ng8 49. Ke2 Nh6 50. Qf2 Nf7 51. Qh4 Qc3 52. Qxh7 Qf6 53. h4 Qe7+ 54. Kf2 Qf6 55.
h5 g5 56. fxg5 Qxg5 57. Nf1 Qh4+ 58. Kg1 Qd4+ 59. Kh2 Qh4+ 60. Kg1 Qd4+ 1/2-1/2

[Event "Graz Casino Open 2014"]
[Site "Graz AUT"]
[Date "2014.02.18"]
[Round "6.8"]
[White "Barbosa, Evandro Amorim"]
[Black "Aschenbrenner, Robert"]
[Result "1-0"]
[WhiteTitle "IM"]
[BlackTitle "FM"]
[WhiteElo "2459"]
[BlackElo "2265"]
[WhiteFideId "2115824"]
[BlackFideId "1608797"]
[EventDate "2014.02.14"]

1. e4 c6 2. d4 d5 3. e5 c5 4. dxc5 e6 5. a3 Bxc5 6. Nf3 Qb6 7. Qd2 Bd7 8. c4
dxc4 9. Bxc4 Nc6 10. O-O Na5 11. Ba2 Nb3 12. Bxb3 Qxb3 13. Nc3 Bc6 14. Qf4 Nh6
15. Nd2 Qc2 16. Nde4 Be7 17. b4 Nf5 18. Ra2 Qb3 19. Rb2 g5 20. Qg4 h5 21. Qe2
Nd4 22. Qd3 Bxe4 23. Qxd4 Qxa3 24. Nxe4 1-0

[Event "Graz Casino Open 2014"]
[Site "Graz AUT"]
[Date "2014.02.18"]
[Round "6.9"]
[White "Sadilek, Peter"]
[Black "Santiago, Yago De Moura"]
[Result "1/2-1/2"]
[WhiteTitle "FM"]
[BlackTitle "IM"]
[WhiteElo "2244"]
[BlackElo "2451"]
[WhiteFideId "1616439"]
[BlackFideId "2103877"]
[EventDate "2014.02.14"]

1. d4 e6 2. e4 d5 3. Nd2 Nc6 4. Ngf3 Nf6 5. e5 Nd7 6. Be2 f6 7. exf6 Qxf6 8. Nf1
Bd6 9. Bg5 Qf7 10. Ne3 O-O 11. Bh4 e5 12. dxe5 Ndxe5 13. Qxd5 Be6 14. Qe4 Nxf3+
15. Bxf3 Rae8 16. O-O Bxa2 17. Qa4 Be6 18. Bxc6 bxc6 19. Qxc6 Bd7 20. Qd5 Be6
21. Qd4 Qh5 22. Bg3 Bc5 23. Qe5 Qxe5 24. Bxe5 c6 25. Rfd1 Bb6 26. Bd4 c5 27. Bc3
Rf7 28. Ba5 Bc7 29. Bxc7 Rxc7 30. b3 h6 31. h3 Rb8 32. Rd6 Bf7 33. Rda6 Rbb7 34.
Nf5 c4 35. Nd6 cxb3 36. cxb3 Rxb3 37. Rxa7 Rxa7 38. Rxa7 Bg6 39. Nc4 Kh7 40. Ne3
Rb2 41. Re7 Kg8 42. f3 Bd3 43. Kh2 Kf8 44. Rd7 Bg6 45. Rd5 Re2 46. Re5 Bd3 47.
Kg3 Kf7 48. h4 Kf8 49. h5 Ra2 50. Ng4 Bf1 51. Nf2 Rd2 52. Re1 Bb5 53. Nh3 Be8
54. Nf4 Rd6 55. Re6 Rd8 56. Rb6 Bf7 57. Ne6+ Bxe6 58. Rxe6 Rd5 59. Kh4 Rd3 60.
Kg4 Rd5 61. g3 Ra5 62. f4 Ra3 63. Kh4 Ra4 64. Re3 Kf7 65. Rb3 Rc4 66. Kg4 Rc5
67. Kh4 Rc4 68. Rb5 Kf6 69. Kg4 Ra4 70. Rf5+ Ke6 71. Rf8 Ke7 72. Rf5 Ke6 73.
Re5+ Kf6 74. Re3 1/2-1/2

[Event "Graz Casino Open 2014"]
[Site "Graz AUT"]
[Date "2014.02.18"]
[Round "6.10"]
[White "Spindelboeck, Gernot"]
[Black "Froewis, Georg"]
[Result "1/2-1/2"]
[BlackTitle "IM"]
[WhiteElo "2253"]
[BlackElo "2437"]
[WhiteFideId "1604511"]
[BlackFideId "1618423"]
[EventDate "2014.02.14"]

1. d4 e6 2. c4 d5 3. Nc3 c6 4. e3 Nf6 5. Nf3 Nbd7 6. Qc2 Bd6 7. Bd3 dxc4 8. Bxc4
O-O 9. O-O a6 10. Rd1 c5 11. dxc5 Bxc5 12. Ng5 Qe7 13. a3 b5 14. Bd3 h6 15. Nge4
Bb7 16. b4 Bb6 17. Bb2 Nd5 18. Nxd5 Bxd5 19. Rac1 f5 20. Ng3 f4 21. Nh5 Rac8 22.
Bh7+ Kh8 23. Qg6 Nf6 24. Rxc8 Rxc8 25. Nxf6 Bb3 26. Rd7 Rd8 27. Rxd8+ Qxd8 28.
h4 fxe3 29. fxe3 Qd1+ 30. Kh2 Bc7+ 31. g3 Qe2+ 32. Kh3 Qf1+ 33. Kh2 Qf2+ 34. Kh3
Qf1+ 35. Kh2 Qe2+ 36. Kh3 Qf1+ 1/2-1/2

[Event "Graz Casino Open 2014"]
[Site "Graz AUT"]
[Date "2014.02.18"]
[Round "6.11"]
[White "Berchtenbreiter, Maximilian"]
[Black "Dimitriadis, Michael"]
[Result "1/2-1/2"]
[WhiteTitle "IM"]
[WhiteElo "2421"]
[BlackElo "2094"]
[WhiteFideId "24641120"]
[BlackFideId "1614908"]
[EventDate "2014.02.14"]

1. d4 Nf6 2. c4 g6 3. Nc3 d5 4. cxd5 Nxd5 5. e4 Nxc3 6. bxc3 c5 7. Nf3 Bg7 8.
Rb1 O-O 9. Be2 Nc6 10. d5 Bxc3+ 11. Bd2 Bxd2+ 12. Qxd2 Nd4 13. Nxd4 cxd4 14.
Qxd4 Qa5+ 15. Qd2 Qxd2+ 16. Kxd2 Rd8 17. Ke3 e6 18. Bc4 exd5 19. Bxd5 Rb8 20.
Rhc1 Rd7 21. Rb2 Re7 22. Rbc2 Be6 23. Rc7 Kf8 24. Rxe7 Kxe7 25. Bxe6 Kxe6 26.
Rc7 h5 27. f4 a5 28. g3 a4 29. Kd4 b5 30. Rc6+ Ke7 31. Rc7+ Ke6 32. Rc6+ Ke7 33.
Ra6 Rc8 34. Ra7+ Ke6 35. Ra6+ Ke7 36. h3 Rc2 37. a3 Rc4+ 38. Ke5 Rc5+ 39. Kd4
Rc4+ 40. Kd3 Rc1 41. g4 Rh1 42. Kd4 Rxh3 43. f5 gxf5 44. gxf5 f6 45. Ra7+ Ke8
46. e5 fxe5+ 47. Kd5 Rc3 48. Rh7 1/2-1/2

[Event "Graz Casino Open 2014"]
[Site "Graz AUT"]
[Date "2014.02.18"]
[Round "6.12"]
[White "Neuschmied, Siegfried"]
[Black "Schnider, Gert"]
[Result "1/2-1/2"]
[WhiteTitle "FM"]
[BlackTitle "FM"]
[WhiteElo "2212"]
[BlackElo "2378"]
[WhiteFideId "1602446"]
[BlackFideId "1606310"]
[EventDate "2014.02.14"]

1. e4 e5 2. Nf3 Nc6 3. d4 exd4 4. Nxd4 Nf6 5. Nxc6 bxc6 6. e5 Qe7 7. Qe2 Nd5 8.
c4 Ba6 9. Nd2 g6 10. Nf3 Qb4+ 11. Kd1 Bg7 12. Qd2 Qxd2+ 13. Bxd2 Nb6 14. b3 d6
15. Kc2 dxe5 16. Nxe5 Bxe5 17. Re1 Nd7 18. f4 f6 19. fxe5 Nxe5 20. Bf4 O-O 21.
Be2 Rae8 22. Bxe5 fxe5 23. Bf3 Rf6 24. Re2 Kg7 25. Rhe1 Rfe6 26. Kc3 Bb7 27. Be4
a5 28. b4 axb4+ 29. Kxb4 Ra8 30. Kc5 Ra5+ 31. Kb4 Ra7 32. Kc5 Ra5+ 33. Kb4 Ra8
34. Kc5 Ra5+ 35. Kb4 Ra7 36. Kc5 1/2-1/2

[Event "Graz Casino Open 2014"]
[Site "Graz AUT"]
[Date "2014.02.18"]
[Round "6.13"]
[White "Loebler, Heimo"]
[Black "Handler, Lukas"]
[Result "0-1"]
[BlackTitle "FM"]
[WhiteElo "2130"]
[BlackElo "2398"]
[WhiteFideId "1603035"]
[BlackFideId "1609580"]
[EventDate "2014.02.14"]

1. c4 Nf6 2. Nc3 e5 3. Nf3 Nc6 4. e3 Bb4 5. Qc2 O-O 6. Nd5 Bd6 7. a3 Nxd5 8.
cxd5 Ne7 9. d4 exd4 10. e4 Ng6 11. Nxd4 c6 12. Nf5 Be5 13. h4 cxd5 14. h5 dxe4
15. hxg6 hxg6 16. Qb3 gxf5 17. Qh3 f6 18. Qh7+ Kf7 19. Bh6 Rg8 20. Be2 d5 21.
Bh5+ Kf8 22. Qg6 Be6 23. Bd2 a5 24. Rb1 Rh8 25. f4 Bd4 26. Rh3 Qd7 27. b4 a4 28.
Rc1 Rc8 29. Rxc8+ Qxc8 30. Kd1 b5 31. Bc3 Rh6 32. Bxd4 Rxg6 33. Bc5+ Kg8 34.
Bxg6 d4 35. Ke1 Qd7 0-1

[Event "Graz Casino Open 2014"]
[Site "Graz AUT"]
[Date "2014.02.18"]
[Round "6.14"]
[White "Ernst, Michael"]
[Black "Petschar, Kurt"]
[Result "1/2-1/2"]
[BlackTitle "FM"]
[WhiteElo "2163"]
[BlackElo "2317"]
[WhiteFideId "1618393"]
[BlackFideId "1600478"]
[EventDate "2014.02.14"]

1. d4 Nf6 2. c4 c5 3. d5 e6 4. Nc3 exd5 5. cxd5 d6 6. e4 g6 7. h3 Bg7 8. Nf3 O-O
9. Bd3 a6 10. a4 Re8 11. O-O Nh5 12. Re1 Nd7 13. Rb1 Rb8 14. Bf1 Ne5 15. Be2 Qf6
16. Nxe5 Qxe5 17. Bxh5 gxh5 18. Be3 h4 19. f4 Qf6 20. e5 Qg6 21. Qf3 Bf5 22.
Rbc1 b5 23. axb5 axb5 24. exd6 b4 25. Na4 Rxe3 26. Rxe3 Bd4 27. Kh1 Qxd6 28. Re5
Bd7 29. Nxc5 Bxc5 30. Qh5 Bd4 31. Rg5+ Bg7 32. Qxh4 h6 33. Rg3 Kh7 34. b3 Qf6
35. Qxf6 Bxf6 36. Rc7 Rd8 37. Rb7 Bc3 38. Re3 Kg7 39. Re7 Be8 40. Kh2 Kf8 41.
Rec7 Rxd5 42. Rc8 Rd3 43. Rbb8 Re3 44. Kg1 Re7 45. f5 f6 46. Kf2 h5 47. g4 Be1+
48. Kf3 h4 49. Rd8 Kf7 50. Rdc8 Bd2 51. Kf2 Be1+ 52. Kf1 Bc3 53. Kf2 Be1+ 54.
Kf1 Bc3 55. Kf2 1/2-1/2

[Event "Graz Casino Open 2014"]
[Site "Graz AUT"]
[Date "2014.02.18"]
[Round "6.15"]
[White "Perhinig, Robert"]
[Black "Hatzl, Johannes"]
[Result "1-0"]
[WhiteTitle "FM"]
[WhiteElo "2273"]
[BlackElo "2141"]
[WhiteFideId "1602888"]
[BlackFideId "1610600"]
[EventDate "2014.02.14"]

1. d4 d5 2. c4 e6 3. cxd5 exd5 4. Nc3 c6 5. Nf3 Bf5 6. g3 Nf6 7. Bg2 h6 8. O-O
Bd6 9. Ne5 Nbd7 10. Bf4 Qe7 11. Nd3 Bxf4 12. Nxf4 g5 13. Nd3 Qe6 14. Re1 O-O-O
15. b4 Ne4 16. Qb3 Kb8 17. b5 Nxc3 18. Qxc3 cxb5 19. a4 bxa4 20. Rxa4 Rc8 21.
Qa5 Qb6 22. Qxd5 Bxd3 23. exd3 Rc7 24. Raa1 Nf6 25. Qf3 Qc6 26. Qf5 Qd6 27. Reb1
Rd8 28. Qa5 b6 29. Rxb6+ Qxb6 30. Qxb6+ axb6 31. Ra8# 1-0

[Event "Graz Casino Open 2014"]
[Site "Graz AUT"]
[Date "2014.02.18"]
[Round "6.16"]
[White "Stagl, Marco"]
[Black "Martinez Reyes, Pedro Ramon"]
[Result "1-0"]
[BlackTitle "CM"]
[WhiteElo "2155"]
[BlackElo "2266"]
[WhiteFideId "1604724"]
[BlackFideId "3901807"]
[EventDate "2014.02.14"]

1. d4 d5 2. Nf3 c5 3. c4 dxc4 4. e3 Nf6 5. Bxc4 e6 6. O-O Nc6 7. dxc5 Bxc5 8.
Qxd8+ Kxd8 9. b3 Ke7 10. Bb2 Rd8 11. Nbd2 g5 12. Bxf6+ 1-0